Graph theory : (Record no. 13388)
[ view plain ]
| 000 -LEADER | |
|---|---|
| fixed length control field | 00524pam a2200145 a 4500 |
| 020 ## - INTERNATIONAL STANDARD BOOK NUMBER | |
| ISBN | 0444864490 |
| 040 ## - CATALOGING SOURCE | |
| Transcribing agency | DLC |
| 082 00 - DEWEY DECIMAL CLASSIFICATION NUMBER | |
| Classification number | 511 NOR 1982 A027 Or. |
| 245 10 - TITLE STATEMENT | |
| Title | Graph theory : |
| Remainder of title | proceedings of the Conference on Graph Theory, Cambridge / |
| 260 ## - PUBLICATION, DISTRIBUTION, ETC. (IMPRINT) | |
| Place of publication | Amsterdam ; |
| -- | New York : |
| Name of publisher | North-Holland Pub. Co. ; |
| Place of publication | New York, N.Y. : |
| Name of publisher | Sole distributors for the U.S.A. and Canada, Elsevier Science Pub. Co., |
| Year of publication | 1982. |
| 300 ## - PHYSICAL DESCRIPTION | |
| Number of Pages | viii, 201 p. : |
| Other physical details | ill. ; |
| Dimensions | 23 cm. |
| 650 #0 - SUBJECT ADDED ENTRY--TOPICAL TERM | |
| Topical Term | Graph theory |
| 700 1# - ADDED ENTRY--PERSONAL NAME | |
| Personal name | Bollobás, Béla. |
| 942 ## - ADDED ENTRY ELEMENTS (KOHA) | |
| Koha item type | សៀវភៅភាសាអង់គ្លេស |
| 952 ## - LOCATION AND ITEM INFORMATION (KOHA) | |
| Withdrawn status [LOCAL, KOHA] | 0 |
| Permanent Location | Date acquired | Koha item type | Lost status | Shelving location | Barcode | Current Location | Full call number |
|---|---|---|---|---|---|---|---|
| Library Block A | 2017-08-25 | សៀវភៅភាសាអង់គ្លេស | A027 | A19496 | Library Block A | 511 NOR 1982 A027 Or. |